Marketing: The Core. (Record no. 2695)

MARC details
005 - DATE AND TIME OF LATEST TRANSACTION
control field 20250527073719.0
020 ## - INTERNATIONAL STANDARD BOOK NUMBER
International Standard Book Number 978-0-07-299989-1
082 ## - DEWEY DECIMAL CLASSIFICATION NUMBER
Classification number 658.8 KER
100 ## - MAIN ENTRY--PERSONAL NAME
Author name KERIN, R. A.
245 ## - TITLE STATEMENT
Title Marketing: The Core.
250 ## - EDITION STATEMENT
Edition statement 2nd Ed.
260 ## - PUBLICATION, DISTRIBUTION, ETC.
Place of publication, distribution, etc. New York,
Name of publisher, distributor, etc. Mcgraw- Hill Irwin,
Date of publication, distribution, etc. 2007.
300 ## - PHYSICAL DESCRIPTION
Extent xxxiii, 447p.: Ill.;figures & pictures
Other physical details Index
Dimensions 26cm.
700 ## - ADDED ENTRY--PERSONAL NAME
Other authors/Editors HARTLEY, S. W. & RUDELIUS, W.
856 ## - ELECTRONIC LOCATION AND ACCESS
Link text Access Online Book
Electronic name Marketing
Path www.mhhe.com
942 ## - ADDED ENTRY ELEMENTS (KOHA)
Source of classification or shelving scheme Dewey Decimal Classification
Koha item type Books
Holdings
Date last seen Total checkouts Full call number Barcode Cost, replacement price Price effective from Koha item type Lost status Source of classification or shelving scheme Damaged status Not for loan Withdrawn status Home library Current library Shelving location Date acquired Cost, normal purchase price
06/29/2025   658.8 KER DOM0004482 150000.00 06/29/2025 Books   Dewey Decimal Classification       CBE Dodoma CBE Dodoma General Collection 06/29/2017 50000.00
05/27/2025   658.8 KER 00000010159 135000.00 05/27/2025 Books   Dewey Decimal Classification       College of Business Education Main Library College of Business Education Main Library General Collection 07/09/2011 45000.00
05/27/2025   658.8 KER 00000010160 135000.00 05/27/2025 Books   Dewey Decimal Classification       College of Business Education Main Library College of Business Education Main Library General Collection 07/09/2011 45000.00
06/10/2025   LECT 658.8 KER 00000011773 135000.00 06/10/2025 Books   Dewey Decimal Classification       College of Business Education Main Library College of Business Education Main Library General Collection 07/09/2011 45000.00
06/13/2025   LECT 658.8 KER 00000012945 135000.00 06/13/2025 Books   Dewey Decimal Classification       College of Business Education Main Library College of Business Education Main Library General Collection 07/09/2011 45000.00
06/13/2025   LECT 658.8 KER 00000012946 135000.00 06/13/2025 Books   Dewey Decimal Classification       College of Business Education Main Library College of Business Education Main Library General Collection 07/09/2011 45000.00
06/13/2025   LECT 658.8 KER 00000012947 135000.00 06/13/2025 Books   Dewey Decimal Classification       College of Business Education Main Library College of Business Education Main Library General Collection 07/09/2011 45000.00
06/13/2025   LECT 658.8 KER 00000012948 135000.00 06/13/2025 Books   Dewey Decimal Classification       College of Business Education Main Library College of Business Education Main Library General Collection 07/09/2011 45000.00